| 000 | 00985nam a2200265 i 4500 | ||
|---|---|---|---|
| 001 | 117538 | ||
| 003 | ES-MaACL | ||
| 005 | 20250725062537.0 | ||
| 007 | t| | ||
| 008 | 070214s1975 sp r ||||1| spa d | ||
| 020 | _a84-206-2125-0 | ||
| 245 | 0 | 0 |
_aPanorama de la física contemporánea / _cO.R. Frisch ... [et al.] ; selección y comentarios de David Webber ; versión española de Enrique García Camarero, Enrique Paredes y Miguel Paredes. |
| 260 |
_aMadrid : _bAlianza Editorial, _c1975. |
||
| 300 |
_a328 p. : _bil. ; _c20 cm. |
||
| 490 | 1 |
_aAlianza universidad ; _v125 |
|
| 650 | 0 | 7 |
_aFísica _2embne _912877 |
| 700 | 1 |
_aFrisch, Otto R ( _d1904-1979) _952674 |
|
| 700 | 1 |
_aWebber, David. _9116244 |
|
| 700 | 1 |
_aGarcía Camarero, Enrique, _d1941- _954319 |
|
| 700 | 1 |
_aParedes Larrucea, Enrique. _989048 |
|
| 700 | 1 |
_aParedes Larrucea, Miguel. _989050 |
|
| 830 | 1 |
_aAlianza universidad ; _v125 _9177276 |
|
| 852 |
_aES-MaACL _jE-8455 |
||
| 999 |
_c117538 _d117538 |
||